00361nam a2200145Ia 4500008004100000020001800041041000800059082001300067100001000080245007500090260001600165300000800181365001600189700001000205230718s9999 xx 000 0 und d a9789350071878 aeng a700bNCE aNCERT aIntroduction to Indian Art Part-1bText Book In Fine Arts For Class XI c2012bNCERT a130 cRs.b125.00 aNCERT